2025-2026 New York Jets Roster - Statistics

General Stats
  • This quiz has been taken 32 times
  • The average score is 13 of 52
Answer Stats
Hint Answer % Correct
Quarterback Justin Fields
100%
Quarterback Tyrod Taylor
97%
Running Back Breece Hall
93%
Cornerback Ja’Sir Taylor
90%
Quarterback Brady Cook
73%
Wide Receiver Adonai Mitchell
37%
Offensive Lineman Max Mitchell
37%
Placekicker Nick Folk
37%
Fullback Andrew Beck
33%
Wide Receiver Isaiah Williams
33%
Tight End Jeremy Ruckert
33%
Wide Receiver John Metchie III
33%
Linebacker Quincy Williams
33%
Offensive Lineman Armand Membou
30%
Linebacker Jermaine Johnson
30%
Offensive Lineman Joe Tippmann
30%
Wide Receiver Tyler Johnson
30%
Wide Receiver Arian Smith
27%
Safety Chris Smith II
27%
Cornerback Keidron Smith
27%
Defensive Lineman Mazi Smith
27%
Cornerback Brandon Stephens
23%
Cornerback Malachi Moore
23%
Offensive Lineman Olu Fashanu
23%
Punter Austin McNamara
20%
Defensive Lineman Harrison Phillips
20%
Running Back Kene Nwangwu
20%
Long Snapper Thomas Hennessy
20%
Quarterback Hendon Hooker
17%
Linebacker Jamien Sherwood
17%
Defensive Lineman Jowon Briggs
17%
Running Back Khalil Herbert
17%
Cornerback Tre Brown
17%
Tight End Stone Smartt
13%
Defensive Lineman Braiden McGregor
10%
Safety Dean Clark
10%
Tight End Jelani Woods
10%
Cornerback Jordan Clark
10%
Linebacker Cam Jones
7%
Linebacker Mykal Walker
7%
Wide Receiver Quentin Skinner
7%
Cornerback Qwan’tez Stiggers
7%
Defensive Lineman Eric Watts
3%
Linebacker Kobe King
3%
Defensive Lineman Michael Clemons
3%
Defensive Lineman Payton Page
3%
Offensive Lineman Chukwuma Okorafor
0%
Safety Jarius Monroe
0%
Defensive Lineman Khalen Saunders
0%
Defensive Lineman Kingsley Jonathan
0%
Offensive Lineman Kohl Levao
0%
Offensive Lineman Marquis Hayes
0%
No matching quizzes found
Score Distribution
Percent of People with Each Score
Percentile by Number Answered
Your Score History
You have not taken this quiz